书目信息 |
| 题名: |
蔬菜园艺
|
|
| 作者: | 新井敏夫 编著 | |
| 分册: | ||
| 出版信息: | 北京 世界图书出版公司 2005.07 |
|
| 页数: | 178页 | |
| 开本: | 23.5cm | |
| 丛书名: | ||
| 单 册: | ||
| 中图分类: | S63 | |
| 科图分类: | ||
| 主题词: | 蔬菜园艺 | |
| 电子资源: | ||
| ISBN: | 7-5062-7582-1 | |
| 000 | 00547nam0 2200193 450 | |
| 001 | 0655309697 | |
| 005 | 20061009160054.18 | |
| 010 | @a7-5062-7582-1@dCNY 58.00 | |
| 100 | @a20060901d2005 km y0chiy0120 ea | |
| 101 | 0 | @achi |
| 102 | @aCN@b110000 | |
| 200 | 1 | @a蔬菜园艺@Ashu cai yuan yi@f(日)新井敏夫编著@F(ri)xin jing min fu bian zhu |
| 210 | @a北京@c世界图书出版公司@d2005.07 | |
| 215 | @a178页@d23.5cm | |
| 606 | 0 | @a蔬菜园艺 |
| 690 | @aS63@v4 | |
| 701 | 0 | @a新井敏夫@Axin jing min fu@4编著 |
| 801 | @aCN@c20061009 | |
| 905 | @apdsgxy@dS63@eR682 | |
| 蔬菜园艺/(日)新井敏夫编著.-北京:世界图书出版公司,2005.07 |
| 178页;23.5cm |
| ISBN 7-5062-7582-1:CNY 58.00 |
| ● |
| 相关链接 |
|
|
|
正题名:蔬菜园艺
索取号:S63/R682
 
预约/预借
| 序号 | 登录号 | 条形码 | 馆藏地/架位号 | 状态 | 备注 |
| 1 | 610744 | 206107443 | 自科库401/401自科库 67排7列2层/ [索取号:S63/R682] | 在馆 | |
| 2 | 610745 | 206107452 | 自科库401/401自科库 67排7列2层/ [索取号:S63/R682] | 在馆 | |
| 3 | 610746 | 206107461 | 自科库401/401自科库 67排7列2层/ [索取号:S63/R682] | 在馆 |